LEADER 00965nam0 2200301 450 001 000022026 005 20090123140248.0 100 $a20090123d1975----km-y0itay50------ba 101 1 $aita$cpol 102 $aIT 105 $ay-------001yy 200 1 $aSocialismo ed economia socialista$fOskar Lange$gpresentazione di Lisa Foa 210 $aFirenze$cLa Nuova Italia$d1975 215 $aXV, 358 p.$d21 cm 225 2 $aDimensioni$v33 300 $aTrad. R. Loy. 410 0$12001$aDimensioni 500 10$aO socjalizmie i gospodarce socjalistycznej$m$946909 610 1 $aEconomia socialista 676 $a330.1$v18$9Sistemi e teorie economiche 700 1$aLange,$bOskar$048485 702 1$aFoa,$bLisa$4070 702 1$aLoy,$bRiccardo$4070 801 0$aIT$bUNIPARTHENOPE$c20090123$gRICA$2UNIMARC 912 $a000022026 951 $a032/54bis$b358$cNAVA2 996 $aO socjalizmie i gospodarce socjalistycznej$946909 997 $aUNIPARTHENOPE LEADER 01218nam2 22003011i 450 001 RML0280876 005 20231121125730.0 010 $a0674994973 100 $a20121121d1977 ||||0itac50 ba 101 | $agrc$aeng 102 $agb 181 1$6z01$ai $bxxxe 182 1$6z01$an 200 1 $a˜2.: œSelected orations$fLibanius$gwith an english translation, introduction and notes by A. F. Norman 210 $aCambridge (Mass.) $cHarvard University Press - London $cHeinemann $d1977 215 $aXIV, 541 p.$d17 cm 300 $aTrad. inglese a fronte 461 1$1001RML0280870$12001 $aSelected works$fLibanius$gwith an english translation, introduction and notes by A. F. Norman 700 0$aLibanius$3RMLV160482$0172673 702 1$aNorman$b, Albert Francis$3RMLV179517 801 3$aIT$bIT-01$c20121121 850 $aIT-FR0017 899 $aBiblioteca umanistica Giorgio Aprea$bFR0017 912 $aRML0280876 950 2$aBiblioteca umanistica Giorgio Aprea$d 52CIS LCL/G LIB 1.2$e 52VM 0000506195 VM barcode:00035627. - Inventario:4264 FLSVM$fB $h20041124$i20121204 977 $a 52 996 $aSelected orations$91093874 997 $aUNICAS